Úvod do teórie projektového manažmentu

Charakteristika projektového manažmentu (projektového riadenia). Formy projektového manažmentu a jeho použitie. Plánovanie a kontrola v projektovom manažmente. Problémy projektového manažmentu.

Enregistré dans:
Détails bibliographiques
Auteur principal: Majtán, Miroslav
Format: Chapitre de livre
Langue:slovaque
Sujets:
Tags: Ajouter un tag
Pas de tags, Soyez le premier à ajouter un tag!

MARC

LEADER 00000naa a2200000 4500
001 r017500
005 20221205101628.4
041 0 |a slo 
044 |a SK 
245 1 0 |a Úvod do teórie projektového manažmentu  |c Miroslav Majtán 
520 |a Charakteristika projektového manažmentu (projektového riadenia). Formy projektového manažmentu a jeho použitie. Plánovanie a kontrola v projektovom manažmente. Problémy projektového manažmentu. 
610 2 0 |a riadenie projektové 
610 2 0 |a manažment strategický 
610 2 0 |a riadenie podnikové 
610 2 0 |a projekty 
610 2 0 |a pojmy 
100 1 |a Majtán, Miroslav